Popularne numery rap/trap tygodnia 11-17.06 Spotify. - Statystyki

Ogólne statystyki
  • Ten quiz został rozwiązany 15 razy
  • Średni wynik to 17 z 30
Statystyki odpowiedzi
Wykonawca Odsłuchania Utwór % Poprawnych
Sobel 1.05M Bandyta
87%
Wiatr, Sobel, Be Vis 538K Testarossa
87%
OIO 1.03M Amerykańskie Teledyski
80%
Mata 749K Patoreakcja
80%
Ekipa, Jacuś 1.15M Zygzak
80%
Guzior 470K BLUEBERRY
67%
Guzior, Oskar83 465K FALA
67%
Sobel 1.15M Fiołkowe Pole
67%
Kizo, Wac Toja 650K Nasze Lato
67%
Żabson, Kizo, ZetHa, Vladimir Cauchemar 713K Puerto Bounce
67%
OIO 902K Worki W Tłum
67%
Ekipa 396K Chill
60%
Kizo, Trill Pem 342K Fitness
60%
Sobel 486K Impreza
60%
Chivas, White 2115 527K Mam Na Twarzy Krew I Tym Razem Nie Jest Sztuczna
60%
OIO 476K MVP
60%
Sobel, Young Igi 427K Nie Teraz
60%
Alberto 367K Dwutakt
53%
OIO 645K Przypadkiem
53%
Sobel 417K Alien
47%
White 2115 352K California
47%
Sobel 514K Kinol
47%
Białas, White 2115 432K Święto Ogródka
47%
Pusher, Oska030 338K Baba Hassan
40%
Chivas, White 2115, Szpaku 422K Hellcat Redeye
40%
Mata 354K Schodki
40%
Paluch 374K Każdy blok
27%
Tymek, Kuba Karaś, Urbanski 336K Oczko w głowie
27%
Deemz, Reto, Żabson 359K Wasabi
27%
Chivas 330K Jakbym Miał W Ręku Klamkę
13%
Nie znaleziono quizów pasujących do podanych kryteriów
Rozkład punktacji
Procent ludzi z każdym wynikiem
Percentyl według liczby udzielonych odpowiedzi
Twoja historia wyników
Nie rozwiązałeś tego quizu